Financial management and policy / (Record no. 2013)
[ view plain ]
| 000 -LEADER | |
|---|---|
| fixed length control field | 00541cam a22001814a 4500 |
| 005 - DATE AND TIME OF LATEST TRANSACTION | |
| control field | 20250901165319.0 |
| 008 - FIXED-LENGTH DATA ELEMENTS--GENERAL INFORMATION | |
| fixed length control field | 001020s2002 njua b 001 0 eng |
| 010 ## - LIBRARY OF CONGRESS CONTROL NUMBER | |
| LC control number | 00051656 |
| 020 ## - INTERNATIONAL STANDARD BOOK NUMBER | |
| International Standard Book Number | 0130326577 |
| 050 00 - LIBRARY OF CONGRESS CALL NUMBER | |
| Classification number | HG4011 .V34 2002 |
| Item number | .V34 2002 |
| 082 00 - DEWEY DECIMAL CLASSIFICATION NUMBER | |
| Classification number | 658.15 |
| Edition information | 21 |
| 100 1# - MAIN ENTRY--PERSONAL NAME | |
| Personal name | Van Horne, James C. |
| 245 10 - TITLE STATEMENT | |
| Title | Financial management and policy / |
| Statement of responsibility, etc. | James C. Van Horne. |
| 250 ## - EDITION STATEMENT | |
| Edition statement | 12th ed. |
| 260 ## - PUBLICATION, DISTRIBUTION, ETC. | |
| Place of publication, distribution, etc. | Upper Saddle River, N.J. : |
| Name of publisher, distributor, etc. | Prentice Hall, |
| Date of publication, distribution, etc. | c2002. |
| 300 ## - PHYSICAL DESCRIPTION | |
| Extent | xviii, 814 p. : |
| Other physical details | ill. (some col.) ; |
| Dimensions | 26 cm. |
| 942 ## - ADDED ENTRY ELEMENTS (KOHA) | |
| Source of classification or shelving scheme | Dewey Decimal Classification |
| Withdrawn status | Lost status | Source of classification or shelving scheme | Damaged status | Not for loan | Home library | Current library | Shelving location | Date acquired | Total checkouts | Full call number | Barcode | Date last seen | Price effective from | Koha item type |
|---|---|---|---|---|---|---|---|---|---|---|---|---|---|---|
| Library of Congress Classification | Main Library | Main Library | 03/09/2021 | HG4011 .V34 2002 | PIU0001540 | 03/09/2021 | 03/09/2021 | Books |